Estadísticas para Países por Forma de Red de Carreteras

Haz click aquí para tomar la prueba!

Estadísticas generales

  • Esta prueba ha sido tomada 908 veces
  • La puntuación promedio es 14 de 19

Respuestas en el mapa

Las respuestas están codificadas por una escala verde-roja en el mapa de la prueba según el % correcto abajo.
Cargando...
 

Estadísticas de respuestas

Respuesta% Correcto
Estados Unidos
99%
Italia
98%
México
98%
Australia
96%
Alemania
90%
Chile
90%
Croacia
90%
China
89%
Portugal
87%
Egipto
77%
Irán
73%
Suecia
73%
Países Bajos
68%
Polonia
65%
Malasia
64%
Sudáfrica
60%
República Democrática del Congo
47%
Ciudad del Vaticano
46%
Singapur
33%

Distribución de puntuación

Porcentaje por número respondido

Porcentaje de gente con cada puntuación

Historial de tus puntuaciones

No has tomado esta prueba